[Event "Hastings Masters 2016/17"]
[Site "Hastings, England"]
[Date "2017.01.04"]
[Round "8.11"]
[White "Gledura, Benjamin"]
[Black "Vaishali, R"]
[Result "1-0"]
[WhiteElo "2584"]
[BlackElo "2254"]
[PlyCount "0"]
[EventDate "2016.12.28"]

1. Nf3 {[%clk 1:40:55]} d5 {[%clk 1:40:39]} 2. g3 {[%clk 1:41:15]} g6
{[%clk 1:40:57]} 3. c4 {[%clk 1:40:57]} dxc4 {[%clk 1:41:06]} 4. Na3
{[%clk 1:40:57]} Bg7 {[%clk 1:41:04]} 5. Nxc4 {[%clk 1:40:54]} Nc6
{[%clk 1:41:05]} 6. d3 {[%clk 1:40:33]} Nf6 {[%clk 1:36:11]} 7. Bg2
{[%clk 1:40:34]} O-O {[%clk 1:36:13]} 8. Bd2 {[%clk 1:37:31]} Be6
{[%clk 1:30:08]} 9. Rc1 {[%clk 1:37:36]} h6 {[%clk 1:18:52]} 10. O-O
{[%clk 1:32:49]} Qc8 {[%clk 1:15:37]} 11. Re1 {[%clk 1:25:50]} Bh3
{[%clk 1:09:46]} 12. Bh1 {[%clk 1:26:12]} Qe6 {[%clk 0:56:05]} 13. b4
{[%clk 1:23:56]} a6 {[%clk 0:50:51]} 14. a4 {[%clk 1:22:45]} Rfd8
{[%clk 0:41:39]} 15. b5 {[%clk 1:12:00]} axb5 {[%clk 0:41:14]} 16. axb5
{[%clk 1:12:25]} Na7 {[%clk 0:40:14]} 17. Rb1 {[%clk 1:09:36]} Ne4
{[%clk 0:35:41]} 18. Qc1 {[%clk 1:02:37]} Nxd2 {[%clk 0:34:35]} 19. Nfxd2
{[%clk 1:02:59]} c6 {[%clk 0:28:58]} 20. bxc6 {[%clk 0:53:57]} bxc6
{[%clk 0:23:42]} 21. Na5 {[%clk 0:51:05]} Rd5 {[%clk 0:14:57]} 22. Ndc4
{[%clk 0:47:03]} Rb5 {[%clk 0:13:24]} 23. Rxb5 {[%clk 0:38:21]} Nxb5
{[%clk 0:13:47]} 24. Bxc6 {[%clk 0:38:13]} Rb8 {[%clk 0:08:02]} 25. Qf4
{[%clk 0:37:37]} Nd6 {[%clk 0:07:38]} 26. Bf3 {[%clk 0:32:41]} Rb5
{[%clk 0:06:26]} 27. Nxd6 {[%clk 0:26:11]} exd6 {[%clk 0:05:57]} 28. Nc4
{[%clk 0:26:27]} d5 {[%clk 0:03:17]} 29. Ne3 {[%clk 0:26:44]} d4 {[%clk 0:01:24]}
30. Nc4 {[%clk 0:26:14]} h5 {[%clk 0:01:03]} 31. Qe4 {[%clk 0:25:46]} Qd7
{[%clk 0:00:41]} 32. Qa8+ {[%clk 0:23:52]} Qc8 {[%clk 0:00:35]} 33. Qa4
{[%clk 0:23:48]} Bd7 {[%clk 0:00:35]} 34. Qa7 {[%clk 0:21:26]} Be6
{[%clk 0:00:36]} 35. Nd6 {[%clk 0:21:30]} Qc3 {[%clk 0:00:55]} 36. Rf1
{[%clk 0:21:35]} Ra5 {[%clk 0:00:51]} 37. Qb8+ {[%clk 0:21:03]} Bf8
{[%clk 0:00:44]} 38. Ne4 {[%clk 0:21:15]} Qb4 {[%clk 0:00:40]} 39. Qd8
{[%clk 0:20:51]} Bh3 {[%clk 0:00:35]} 40. Bg2 {[%clk 0:18:50]} Bg4
{[%clk 0:00:36]} 41. Nf6+ {[%clk 0:15:54]} Kg7 {[%clk 0:48:33]} 42. Nxg4
{[%clk 1:03:43]} hxg4 {[%clk 0:46:21]} 43. Qd7 {[%clk 1:03:00]} Rf5
{[%clk 0:41:12]} 44. Be4 {[%clk 1:02:23]} Ra5 {[%clk 0:38:08]} 45. f3
{[%clk 0:59:13]} Qd6 {[%clk 0:29:59]} 46. Qxd6 {[%clk 0:58:50]} Bxd6
{[%clk 0:30:26]} 47. fxg4 g5 48. Kg2 {[%clk 0:58:46]} Be7 {[%clk 0:26:43]} 49.
Rh1 {[%clk 0:58:25]} Ra6 {[%clk 0:25:36]} 50. h4 {[%clk 0:58:38]} Rh6 51. h5 Bb4
{[%clk 0:22:09]} 52. Rd1 {[%clk 0:58:35]} Ra6 {[%clk 0:21:12]} 53. Kf3
{[%clk 0:57:47]} Ra2 {[%clk 0:19:50]} 54. Rb1 {[%clk 0:58:03]} Bc5
{[%clk 0:14:35]} 55. Rb5 {[%clk 0:58:15]} Rc2 {[%clk 0:14:13]} 56. Rb7
{[%clk 0:58:24]} Bd6 {[%clk 0:14:19]} 57. h6+ {[%clk 0:58:38]} Kf6
{[%clk 0:14:36]} 58. Rd7 {[%clk 0:56:11]} Be5 {[%clk 0:14:21]} 59. Rd8
{[%clk 0:56:15]} Ke7 {[%clk 0:13:59]} 60. Rg8 {[%clk 0:56:37]} 1-0

[Event "Hastings Masters 2016/17"]
[Site "Hastings, England"]
[Date "2017.01.04"]
[Round "8.12"]
[White "Hebden, Mark L"]
[Black "Prosviriakov, Vladimir"]
[Result "1-0"]
[WhiteElo "2492"]
[BlackElo "2236"]
[PlyCount "0"]
[EventDate "2016.12.28"]

1. d4 {[%clk 1:40:47]} d6 {[%clk 1:40:21]} 2. e4 {[%clk 1:39:17]} Nf6
{[%clk 1:40:10]} 3. Nc3 {[%clk 1:39:19]} e5 {[%clk 1:40:07]} 4. Nf3
{[%clk 1:39:29]} Nbd7 {[%clk 1:40:07]} 5. Bc4 {[%clk 1:39:24]} Be7
{[%clk 1:40:20]} 6. a4 {[%clk 1:39:33]} a5 {[%clk 1:39:55]} 7. O-O
{[%clk 1:37:53]} c6 {[%clk 1:39:53]} 8. Re1 {[%clk 1:36:05]} Qc7 {[%clk 1:39:28]}
9. h3 {[%clk 1:30:59]} h6 {[%clk 1:37:07]} 10. Be3 {[%clk 1:29:21]} g5
{[%clk 1:35:53]} 11. Qd3 {[%clk 1:24:40]} g4 {[%clk 1:33:44]} 12. hxg4
{[%clk 1:23:53]} Nxg4 {[%clk 1:33:52]} 13. Ba2 {[%clk 1:22:22]} Rg8
{[%clk 1:26:09]} 14. Rad1 {[%clk 1:16:12]} Nxe3 {[%clk 1:24:22]} 15. Rxe3
{[%clk 1:15:47]} Nf6 {[%clk 1:20:25]} 16. Qc4 {[%clk 1:15:28]} Rg7
{[%clk 1:16:58]} 17. Nd5 {[%clk 1:14:37]} Qd7 {[%clk 1:16:08]} 18. Nxf6+
{[%clk 1:10:10]} Bxf6 {[%clk 1:16:05]} 19. dxe5 {[%clk 1:09:03]} Qg4
{[%clk 1:14:59]} 20. Qf1 {[%clk 1:09:05]} dxe5 {[%clk 1:13:50]} 21. Bc4
{[%clk 1:07:57]} Qf4 {[%clk 1:10:23]} 22. Nh2 {[%clk 1:06:31]} Qh4
{[%clk 1:08:40]} 23. Qd3 {[%clk 0:59:51]} Kf8 {[%clk 1:05:27]} 24. Rg3
{[%clk 0:52:35]} Rxg3 {[%clk 1:04:22]} 25. fxg3 {[%clk 0:53:00]} Qg5
{[%clk 1:03:40]} 26. Rf1 {[%clk 0:52:40]} Kg7 {[%clk 1:02:32]} 27. Qd6
{[%clk 0:51:09]} b5 {[%clk 0:54:10]} 28. Qxc6 {[%clk 0:40:19]} bxc4
{[%clk 0:53:24]} 29. Qxa8 {[%clk 0:40:44]} Be6 {[%clk 0:53:37]} 30. Qxa5
{[%clk 0:40:39]} Qe3+ {[%clk 0:51:28]} 31. Kh1 {[%clk 0:41:07]} Qxe4
{[%clk 0:51:33]} 32. Qc3 {[%clk 0:41:27]} Qg6 {[%clk 0:47:07]} 33. a5
{[%clk 0:40:05]} e4 {[%clk 0:46:59]} 34. Rxf6 {[%clk 0:39:18]} Qxf6
{[%clk 0:46:53]} 35. Nf1 {[%clk 0:39:43]} Qxc3 {[%clk 0:46:31]} 36. bxc3
{[%clk 0:40:11]} Bc8 {[%clk 0:46:34]} 37. Kg1 {[%clk 0:39:43]} Kf6
{[%clk 0:46:28]} 38. Nd2 {[%clk 0:39:09]} Ke6 {[%clk 0:42:14]} 39. Nxc4
{[%clk 0:39:09]} Ba6 {[%clk 0:42:34]} 40. Ne3 {[%clk 0:39:07]} f5
{[%clk 0:41:47]} 41. Kf2 {[%clk 0:39:28]} Ke5 {[%clk 0:42:04]} 42. c4
{[%clk 0:39:13]} h5 {[%clk 0:41:32]} 43. c5 {[%clk 0:38:27]} Bb5 {[%clk 0:39:21]}
44. c3 {[%clk 0:37:51]} Ba6 {[%clk 0:39:18]} 45. Nc2 {[%clk 0:36:36]} Bb7
{[%clk 0:34:53]} 46. Nb4 {[%clk 0:36:45]} e3+ {[%clk 0:34:59]} 47. Kxe3
{[%clk 0:37:10]} Bxg2 {[%clk 0:35:23]} 48. Nd3+ {[%clk 0:36:48]} Kf6
{[%clk 0:35:35]} 49. Kf4 {[%clk 0:34:50]} Ke6 {[%clk 0:34:47]} 50. Nb4
{[%clk 0:35:11]} 1-0

[Event "Hastings Masters 2016/17"]
[Site "Hastings, England"]
[Date "2017.01.04"]
[Round "8.13"]
[White "Taylor, Adam C"]
[Black "Tan, Justin"]
[Result "0-1"]
[WhiteElo "2212"]
[BlackElo "2451"]
[PlyCount "0"]
[EventDate "2016.12.28"]

1. e4 {[%clk 1:40:57]} e6 {[%clk 1:39:00]} 2. d4 {[%clk 1:40:38]} d5
{[%clk 1:39:26]} 3. exd5 {[%clk 1:40:46]} exd5 {[%clk 1:39:50]} 4. Bd3
{[%clk 1:41:13]} Nf6 {[%clk 1:39:21]} 5. Nf3 {[%clk 1:41:38]} c5 {[%clk 1:39:48]}
6. dxc5 {[%clk 1:34:51]} Bxc5 {[%clk 1:40:02]} 7. Qe2+ {[%clk 1:35:15]} Be7
{[%clk 1:37:48]} 8. O-O {[%clk 1:34:27]} O-O {[%clk 1:38:13]} 9. Re1
{[%clk 1:30:01]} Nc6 {[%clk 1:38:15]} 10. h3 {[%clk 1:24:08]} h6 {[%clk 1:28:11]}
11. Nc3 {[%clk 1:12:29]} Re8 {[%clk 1:24:23]} 12. Bd2 {[%clk 1:08:33]} Ba3
{[%clk 1:19:49]} 13. Qf1 {[%clk 1:06:04]} Bxb2 {[%clk 1:16:20]} 14. Rxe8+
{[%clk 1:05:47]} Nxe8 {[%clk 1:16:15]} 15. Rb1 {[%clk 1:06:11]} Ba3
{[%clk 1:15:43]} 16. Qe2 {[%clk 1:03:46]} Nf6 {[%clk 1:12:30]} 17. Nb5
{[%clk 0:59:18]} Bc5 {[%clk 1:09:46]} 18. Bf4 {[%clk 0:58:13]} a6
{[%clk 1:02:48]} 19. Nc7 {[%clk 0:37:56]} Ra7 {[%clk 1:03:16]} 20. Re1
{[%clk 0:38:20]} Bd7 {[%clk 0:56:14]} 21. Be5 {[%clk 0:33:27]} Nxe5
{[%clk 0:54:59]} 22. Qxe5 {[%clk 0:33:51]} Bc6 {[%clk 0:52:19]} 23. c4
{[%clk 0:32:21]} Bd6 {[%clk 0:52:00]} 24. Qd4 {[%clk 0:32:03]} Bxc7
{[%clk 0:52:18]} 0-1

[Event "Hastings Masters 2016/17"]
[Site "Hastings, England"]
[Date "2017.01.04"]
[Round "8.14"]
[White "Hill, Alistair"]
[Black "Garriga Cazorla, Pere"]
[Result "0-1"]
[WhiteElo "2237"]
[BlackElo "2386"]
[PlyCount "0"]
[EventDate "2016.12.28"]

1. Nf3 {[%clk 1:34:26]} c5 {[%clk 1:40:39]} 2. e4 {[%clk 1:34:25]} d6
{[%clk 1:41:02]} 3. d4 {[%clk 1:33:49]} cxd4 {[%clk 1:41:24]} 4. Nxd4
{[%clk 1:34:15]} Nf6 {[%clk 1:41:47]} 5. Nc3 {[%clk 1:34:40]} a6 {[%clk 1:42:15]}
6. f3 {[%clk 1:33:43]} e5 {[%clk 1:42:34]} 7. Nb3 {[%clk 1:34:08]} Be6
{[%clk 1:42:28]} 8. Be3 {[%clk 1:34:29]} h5 {[%clk 1:42:53]} 9. Nd5
{[%clk 1:34:34]} Bxd5 {[%clk 1:43:16]} 10. exd5 {[%clk 1:35:00]} Nbd7
{[%clk 1:43:09]} 11. Be2 {[%clk 1:35:10]} g6 {[%clk 1:42:47]} 12. Qd2
{[%clk 1:35:29]} Bg7 {[%clk 1:43:09]} 13. O-O {[%clk 1:35:11]} O-O
{[%clk 1:42:38]} 14. Na5 {[%clk 1:33:22]} Rb8 {[%clk 1:42:23]} 15. c4
{[%clk 1:28:48]} e4 {[%clk 1:42:48]} 16. f4 {[%clk 1:27:49]} Ng4 {[%clk 1:43:13]}
17. Bxg4 {[%clk 1:27:58]} hxg4 {[%clk 1:43:37]} 18. Rae1 {[%clk 1:01:58]} f5
{[%clk 1:06:16]} 19. b4 {[%clk 1:01:14]} g5 {[%clk 1:04:05]} 20. g3
{[%clk 0:58:41]} gxf4 {[%clk 1:04:02]} 21. gxf4 {[%clk 0:59:06]} Qh4
{[%clk 0:47:04]} 22. Bf2 {[%clk 0:36:46]} Qh3 {[%clk 0:46:29]} 23. Re3
{[%clk 0:37:11]} Qh6 {[%clk 0:46:36]} 24. Re2 {[%clk 0:36:08]} Rbc8
{[%clk 0:31:51]} 25. Rc1 {[%clk 0:34:42]} b6 {[%clk 0:27:17]} 26. Nc6
{[%clk 0:35:03]} Kf7 {[%clk 0:27:40]} 27. Bd4 {[%clk 0:29:37]} Bxd4+
{[%clk 0:25:47]} 28. Nxd4 {[%clk 0:30:01]} Qf6 {[%clk 0:24:37]} 29. Qe3
{[%clk 0:24:06]} Rh8 {[%clk 0:21:47]} 30. Ne6 {[%clk 0:24:13]} Rh3
{[%clk 0:18:41]} 31. Ng5+ {[%clk 0:14:47]} Qxg5 {[%clk 0:19:04]} 32. fxg5
{[%clk 0:15:15]} Rxe3 {[%clk 0:19:26]} 33. Rxe3 {[%clk 0:15:43]} Kg6
{[%clk 0:19:38]} 34. Ra3 {[%clk 0:16:04]} Kxg5 {[%clk 0:19:32]} 35. Rxa6
{[%clk 0:16:29]} e3 {[%clk 0:19:33]} 36. c5 {[%clk 0:16:24]} f4 {[%clk 0:15:27]}
37. c6 {[%clk 0:15:02]} Ne5 {[%clk 0:15:00]} 38. Rxb6 {[%clk 0:14:10]} Nd3
{[%clk 0:14:44]} 39. Ra1 {[%clk 0:12:06]} e2 {[%clk 0:14:32]} 40. Rb7
{[%clk 0:10:18]} f3 {[%clk 0:14:54]} 41. Rf7 {[%clk 0:10:24]} Kg6
{[%clk 0:15:16]} 42. Re7 {[%clk 0:10:04]} f2+ {[%clk 0:15:25]} 43. Kg2
{[%clk 0:10:30]} e1=Q {[%clk 0:15:36]} 44. Raxe1 {[%clk 0:10:50]} fxe1=Q
{[%clk 0:15:57]} 45. Rxe1 {[%clk 0:11:11]} Nxe1+ {[%clk 0:16:22]} 46. Kg3
{[%clk 0:11:01]} Nd3 {[%clk 0:15:30]} 47. b5 {[%clk 0:11:24]} Nb4
{[%clk 0:15:47]} 48. a4 {[%clk 0:10:53]} Nxd5 {[%clk 0:16:05]} 49. a5
{[%clk 0:11:12]} Nc7 {[%clk 0:16:27]} 50. b6 {[%clk 0:11:21]} Na6
{[%clk 0:16:52]} 51. c7 {[%clk 0:10:57]} Nxc7 {[%clk 0:17:12]} 0-1

[Event "Hastings Masters 2016/17"]
[Site "Hastings, England"]
[Date "2017.01.04"]
[Round "8.15"]
[White "Thogersen, Rasmus"]
[Black "Siva, Mahadevan"]
[Result "0-1"]
[WhiteElo "2161"]
[BlackElo "2360"]
[PlyCount "0"]
[EventDate "2016.12.28"]

1. e4 {[%clk 1:27:29]} e5 {[%clk 1:39:03]} 2. Nf3 {[%clk 1:27:49]} Nc6
{[%clk 1:39:25]} 3. Bc4 {[%clk 1:27:58]} Bc5 {[%clk 1:36:09]} 4. O-O
{[%clk 1:28:09]} Nf6 {[%clk 1:36:30]} 5. d3 {[%clk 1:28:32]} d6 {[%clk 1:33:36]}
6. c3 {[%clk 1:27:57]} a6 {[%clk 1:33:48]} 7. h3 {[%clk 1:27:04]} Ba7
{[%clk 1:33:56]} 8. Bb3 {[%clk 1:26:37]} h6 {[%clk 1:34:14]} 9. Re1
{[%clk 1:25:50]} O-O {[%clk 1:32:23]} 10. Nbd2 {[%clk 1:26:10]} Ne7
{[%clk 1:32:40]} 11. Nf1 {[%clk 1:25:35]} Ng6 {[%clk 1:33:02]} 12. Ng3
{[%clk 1:25:10]} Re8 {[%clk 1:33:23]} 13. d4 {[%clk 1:22:22]} b5 {[%clk 1:32:56]}
14. Nf5 {[%clk 1:10:36]} d5 {[%clk 0:55:15]} 15. Nxe5 {[%clk 0:48:01]} Nxe5
{[%clk 0:51:12]} 16. dxe5 {[%clk 0:47:41]} Nxe4 {[%clk 0:47:26]} 17. Nd4
{[%clk 0:41:09]} Qd7 {[%clk 0:38:10]} 18. f3 {[%clk 0:35:52]} Ng5
{[%clk 0:17:27]} 19. Bc2 {[%clk 0:31:05]} Nxh3+ {[%clk 0:07:46]} 20. gxh3
{[%clk 0:29:51]} Qxh3 {[%clk 0:08:13]} 21. Bf4 {[%clk 0:26:21]} c5
{[%clk 0:07:02]} 22. Nc6 {[%clk 0:25:02]} Bb6 {[%clk 0:07:19]} 23. Qxd5
{[%clk 0:21:20]} Bb7 {[%clk 0:06:16]} 24. c4 {[%clk 0:20:21]} Re6
{[%clk 0:05:14]} 25. Re2 {[%clk 0:16:16]} Bxc6 {[%clk 0:05:04]} 26. Rh2
{[%clk 0:16:17]} Bxd5 {[%clk 0:02:29]} 27. Rxh3 {[%clk 0:16:39]} Bxc4
{[%clk 0:02:52]} 28. Kh2 {[%clk 0:14:18]} Rd8 {[%clk 0:01:59]} 29. Rg1
{[%clk 0:13:48]} Kf8 {[%clk 0:01:53]} 30. Bf5 {[%clk 0:11:36]} Rc6
{[%clk 0:02:03]} 31. Rhg3 {[%clk 0:11:01]} g5 {[%clk 0:02:23]} 32. Bc1
{[%clk 0:08:55]} Bd3 {[%clk 0:02:17]} 33. Bxd3 {[%clk 0:07:22]} Rxd3
{[%clk 0:02:45]} 34. f4 {[%clk 0:06:59]} c4 {[%clk 0:02:55]} 35. Rf1
{[%clk 0:05:49]} Rxg3 {[%clk 0:03:09]} 36. Kxg3 {[%clk 0:06:13]} gxf4+
{[%clk 0:03:34]} 37. Kxf4 {[%clk 0:05:03]} c3 {[%clk 0:01:36]} 38. bxc3
{[%clk 0:03:40]} Rxc3 {[%clk 0:02:05]} 39. Ke4 {[%clk 0:02:44]} Rc6
{[%clk 0:01:40]} 40. Ba3+ {[%clk 0:01:59]} Ke8 {[%clk 0:00:34]} 41. Bd6
{[%clk 0:44:36]} h5 {[%clk 0:38:20]} 42. Kd5 {[%clk 0:37:21]} Rc2
{[%clk 0:37:31]} 43. a3 {[%clk 0:34:50]} h4 {[%clk 0:32:58]} 44. Rf4
{[%clk 0:28:33]} Bf2 {[%clk 0:18:55]} 45. Rg4 {[%clk 0:25:20]} Kd7
{[%clk 0:16:45]} 46. Rg7 {[%clk 0:21:42]} Rd2+ {[%clk 0:17:07]} 47. Ke4
{[%clk 0:22:09]} Ke6 {[%clk 0:17:33]} 48. Rh7 {[%clk 0:22:06]} f5+
{[%clk 0:15:28]} 49. Kf4 {[%clk 0:19:36]} Rd4+ {[%clk 0:13:03]} 50. Kf3
{[%clk 0:19:48]} Bg3 {[%clk 0:13:10]} 51. Re7+ {[%clk 0:16:16]} Kd5
{[%clk 0:13:38]} 52. Re8 {[%clk 0:15:32]} Rf4+ {[%clk 0:13:41]} 53. Ke3
{[%clk 0:14:46]} Re4+ {[%clk 0:14:05]} 54. Kd3 {[%clk 0:14:58]} Bxe5
{[%clk 0:14:32]} 55. Bxe5 {[%clk 0:15:23]} Rxe5 {[%clk 0:14:55]} 56. Rd8+
{[%clk 0:15:25]} Kc6 {[%clk 0:14:01]} 57. Rh8 {[%clk 0:14:56]} Re4
{[%clk 0:14:18]} 58. Rh6+ {[%clk 0:15:09]} Kd5 {[%clk 0:14:42]} 59. Rxa6
{[%clk 0:15:24]} Ra4 {[%clk 0:15:10]} 0-1

[Event "Hastings Masters 2016/17"]
[Site "Hastings, England"]
[Date "2017.01.04"]
[Round "8.16"]
[White "Thybo, Jesper Sondergaard"]
[Black "Eames, Robert S"]
[Result "1-0"]
[WhiteElo "2352"]
[BlackElo "2187"]
[PlyCount "0"]
[EventDate "2016.12.28"]

1. e4 {[%clk 1:40:57]} d6 {[%clk 1:36:30]} 2. d4 {[%clk 1:41:17]} Nf6
{[%clk 1:36:47]} 3. Nc3 {[%clk 1:41:41]} g6 {[%clk 1:36:58]} 4. f4
{[%clk 1:41:48]} Bg7 {[%clk 1:36:55]} 5. Nf3 {[%clk 1:42:02]} O-O
{[%clk 1:36:24]} 6. Bd3 {[%clk 1:41:26]} Na6 {[%clk 1:34:40]} 7. O-O
{[%clk 1:39:59]} c5 {[%clk 1:34:57]} 8. d5 {[%clk 1:40:03]} Bg4 {[%clk 1:35:00]}
9. Qe2 {[%clk 1:35:08]} Nc7 {[%clk 1:33:07]} 10. a4 {[%clk 1:25:34]} e6
{[%clk 1:31:06]} 11. dxe6 {[%clk 1:25:08]} Nxe6 {[%clk 1:31:02]} 12. Qf2
{[%clk 1:23:00]} Bxf3 {[%clk 1:27:42]} 13. Qxf3 {[%clk 1:23:24]} Nd4
{[%clk 1:27:58]} 14. Qf2 {[%clk 1:18:05]} d5 {[%clk 1:26:04]} 15. e5
{[%clk 1:12:21]} Ng4 {[%clk 1:25:59]} 16. Qg3 {[%clk 1:11:31]} Nh6
{[%clk 1:25:43]} 17. f5 {[%clk 1:01:57]} c4 {[%clk 1:26:00]} 18. f6
{[%clk 1:01:19]} Qb6 {[%clk 1:18:12]} 19. Kh1 {[%clk 0:55:27]} cxd3
{[%clk 1:14:19]} 20. fxg7 {[%clk 0:54:56]} Kxg7 {[%clk 1:13:15]} 21. Bxh6+
{[%clk 0:55:07]} Kxh6 {[%clk 1:13:37]} 22. Nxd5 {[%clk 0:55:30]} Qc5
{[%clk 1:10:55]} 23. Qh4+ {[%clk 0:55:05]} Kg7 {[%clk 1:11:19]} 24. Qf6+
{[%clk 0:55:30]} Kh6 25. Rf4 Nf5 {[%clk 1:10:56]} 26. Rxf5 {[%clk 0:55:26]} dxc2
{[%clk 1:11:08]} 27. Nc3 {[%clk 0:55:26]} Qe3 {[%clk 1:10:23]} 28. Rff1
{[%clk 0:55:41]} Rae8 {[%clk 1:09:30]} 29. Rae1 {[%clk 0:55:41]} c1=Q
{[%clk 1:08:04]} 30. Rxc1 {[%clk 0:56:07]} Rxe5 {[%clk 1:08:17]} 31. Qh4+
{[%clk 0:55:19]} Kg7 {[%clk 1:08:30]} 32. Rce1 {[%clk 0:55:39]} 1-0

[Event "Hastings Masters 2016/17"]
[Site "Hastings, England"]
[Date "2017.01.04"]
[Round "8.17"]
[White "Bates, Richard A"]
[Black "Foo, William J"]
[Result "1/2-1/2"]
[WhiteElo "2347"]
[BlackElo "2145"]
[PlyCount "0"]
[EventDate "2016.12.28"]

1. d4 d5 2. c4 c6 3. Nf3 Nf6 4. Nc3 a6 5. g3 Bf5 6. Bg2 e6 7. Qb3 Ra7 8. O-O h6
9. Bf4 Nbd7 10. Ne5 Nxe5 11. dxe5 Nd7 12. cxd5 Nc5 13. Qd1 exd5 14. e4 dxe4 15.
Qxd8+ Kxd8 16. Rfd1+ Ke8 17. Be3 Ra8 18. b4 Nd7 19. Nxe4 Nxe5 20. Bd4 Nd7 21. Bc3
f6 22. Nd6+ Bxd6 23. Rxd6 Ke7 24. Rd4 Rad8 25. Re1+ Kf7 26. Red1 Ke7 27. Re1+ Kf7
28. Red1 Ke7 29. a4 Ne5 30. f4 Rxd4 31. Bxd4 Nd7 32. Bf3 Bc2 33. Re1+ Kd6 34. a5
Bb3 35. Bh5 Bd5 36. h4 c5 37. bxc5+ Nxc5 38. Rd1 Nb3 39. Bb6 Rc8 40. Rxd5+ Kxd5
41. Bf7+ Ke4 42. Bxb3 Rc3 43. Be6 Rxg3+ 44. Kf2 Rc3 45. f5 Ke5 46. h5 Kd6 47. Ke2
Rg3 48. Be3 Kc6 49. Kf2 Rg5 50. Bxg5 hxg5 51. Ke3 Kb5 52. Bd5 Kxa5 53. Bxb7 Kb6
54. Bf3 Kc5 55. Kd3 Kb4 56. Kc2 a5 57. Kd3 a4 58. Bd5 Kc5 59. Be6 Kd6 60. Ke4 Kc6
61. Kd4 Kd6 62. Ke4 a3 63. Kd4 Kc6 1/2-1/2

[Event "Hastings Masters 2016/17"]
[Site "Hastings, England"]
[Date "2017.01.04"]
[Round "8.18"]
[White "Webb, Laurence E"]
[Black "White, Stuart A"]
[Result "1/2-1/2"]
[WhiteElo "2300"]
[BlackElo "1999"]
[PlyCount "0"]
[EventDate "2016.12.28"]

1. d4 {[%clk 1:40:54]} d5 {[%clk 1:40:54]} 2. c4 {[%clk 1:41:20]} c6
{[%clk 1:41:20]} 3. Nf3 {[%clk 1:41:47]} Nf6 {[%clk 1:41:44]} 4. e3
{[%clk 1:42:08]} Bf5 {[%clk 1:41:59]} 5. Nc3 {[%clk 1:42:29]} e6 {[%clk 1:42:14]}
6. Nh4 {[%clk 1:42:37]} Bg6 {[%clk 1:42:33]} 7. Nxg6 {[%clk 1:42:38]} hxg6
{[%clk 1:42:55]} 8. g3 {[%clk 1:38:41]} Nbd7 {[%clk 1:42:48]} 9. cxd5
{[%clk 1:38:20]} exd5 {[%clk 1:42:36]} 10. Bg2 {[%clk 1:38:40]} Be7
{[%clk 1:37:05]} 11. O-O {[%clk 1:38:49]} Nb6 {[%clk 1:34:06]} 12. f3
{[%clk 1:31:25]} Qd7 {[%clk 1:30:14]} 13. a4 {[%clk 1:28:50]} Qf5
{[%clk 1:21:15]} 14. e4 {[%clk 1:16:44]} Qh5 {[%clk 0:56:13]} 15. h3
{[%clk 1:16:09]} dxe4 {[%clk 0:55:31]} 16. fxe4 {[%clk 1:14:49]} Qa5
{[%clk 0:52:45]} 17. e5 {[%clk 1:07:43]} Nfd5 {[%clk 0:51:23]} 18. Ne4
{[%clk 1:03:21]} Qb4 {[%clk 0:44:57]} 19. Ra3 {[%clk 0:43:08]} O-O
{[%clk 0:34:43]} 20. Kh2 {[%clk 0:26:41]} Rad8 {[%clk 0:32:29]} 21. a5
{[%clk 0:22:53]} Nc4 {[%clk 0:27:07]} 22. Ra4 {[%clk 0:22:36]} Qb5
{[%clk 0:27:07]} 23. Nc3 {[%clk 0:19:44]} Nxc3 {[%clk 0:24:12]} 24. bxc3
{[%clk 0:20:10]} Nxe5 {[%clk 0:22:48]} 25. Bf4 {[%clk 0:16:17]} Bf6
{[%clk 0:20:22]} 26. Qc2 {[%clk 0:11:19]} Qd3 {[%clk 0:12:21]} 27. Qb3
{[%clk 0:09:45]} Nd7 {[%clk 0:11:00]} 28. Qxb7 {[%clk 0:05:53]} Qxc3
{[%clk 0:10:21]} 29. Qxa7 {[%clk 0:05:14]} Rfe8 {[%clk 0:07:24]} 30. Bc7
{[%clk 0:02:59]} Ra8 {[%clk 0:05:38]} 31. Qb7 {[%clk 0:03:21]} Bxd4
{[%clk 0:05:32]} 32. Qxc6 {[%clk 0:03:07]} Qd3 {[%clk 0:03:59]} 33. Rxf7
{[%clk 0:02:06]} Ne5 {[%clk 0:02:56]} 34. Bxe5 {[%clk 0:01:22]} Bxe5
{[%clk 0:03:02]} 35. Qf3 {[%clk 0:01:31]} Bxg3+ {[%clk 0:01:55]} 36. Qxg3
{[%clk 0:01:27]} Qxg3+ {[%clk 0:02:16]} 37. Kxg3 {[%clk 0:01:54]} Kxf7
{[%clk 0:02:31]} 38. Bxa8 {[%clk 0:02:09]} Rxa8 {[%clk 0:02:55]} 39. a6
{[%clk 0:02:15]} Ra7 {[%clk 0:02:52]} 40. Kf4 {[%clk 0:02:20]} Kf6
{[%clk 0:02:07]} 41. h4 {[%clk 0:02:19]} Kf7 {[%clk 0:34:37]} 42. Kg5
{[%clk 0:52:33]} Ke8 {[%clk 0:33:49]} 43. Kxg6 {[%clk 0:51:49]} Kf8
{[%clk 0:34:08]} 44. Kf5 {[%clk 0:45:36]} Ke7 {[%clk 0:29:40]} 45. Ke5
{[%clk 0:40:17]} Kd7 {[%clk 0:29:14]} 46. Kd5 {[%clk 0:38:40]} Kc7
{[%clk 0:29:37]} 47. Kc5 {[%clk 0:38:44]} Kb8 {[%clk 0:28:06]} 48. Kb6
{[%clk 0:36:55]} Rf7 {[%clk 0:28:22]} 49. Rc4 {[%clk 0:37:04]} Re7
{[%clk 0:22:44]} 50. Rc6 {[%clk 0:36:45]} Rf7 {[%clk 0:22:53]} 51. h5
{[%clk 0:36:13]} Rf8 {[%clk 0:18:13]} 52. Rg6 {[%clk 0:35:30]} Re8
{[%clk 0:15:19]} 53. Rd6 {[%clk 0:23:01]} Rh8 {[%clk 0:14:25]} 54. Rd5
{[%clk 0:21:30]} Rh6+ {[%clk 0:13:44]} 55. Kb5 {[%clk 0:20:32]} g6
{[%clk 0:13:48]} 56. Rd8+ {[%clk 0:17:59]} Ka7 {[%clk 0:14:02]} 57. Rd7+
{[%clk 0:18:14]} Ka8 {[%clk 0:14:00]} 58. Rd6 {[%clk 0:16:56]} Rxh5+
{[%clk 0:14:22]} 59. Kb6 {[%clk 0:17:19]} Rh8 {[%clk 0:14:31]} 60. Rxg6
{[%clk 0:17:33]} Rf8 {[%clk 0:14:54]} 1/2-1/2

[Event "Hastings Masters 2016/17"]
[Site "Hastings, England"]
[Date "2017.01.04"]
[Round "8.19"]
[White "Teh, Eu Wen Aron"]
[Black "Britton, Richard L"]
[Result "1-0"]
[WhiteElo "2279"]
[BlackElo "2139"]
[PlyCount "0"]
[EventDate "2016.12.28"]

1. d4 Nf6 2. c4 g6 3. Nc3 Bg7 4. e4 d6 5. Be2 O-O 6. Bg5 Na6 7. Qd2 e5 8. d5 Nc5
9. f3 a5 10. Bd1 c6 11. Nge2 cxd5 12. Nxd5 Ne6 13. Be3 Nxd5 14. exd5 Nc5 15. O-O
b6 16. Nc3 Bd7 17. Rb1 f5 18. f4 Qf6 19. Be2 Rae8 20. Kh1 Bh6 21. fxe5 Bxe3 22.
Qxe3 dxe5 23. b4 axb4 24. Rxb4 f4 25. Qd2 e4 26. d6 f3 27. Nd5 Qxd6 28. gxf3 Bh3
29. Rxb6 Qd8 30. Rg1 exf3 31. Rbxg6+ hxg6 32. Rxg6+ Kf7 33. Qh6 Bg2+ 34. Kg1 Re7
35. Rf6+ Kg8 36. Nxe7+ Qxe7 37. Rg6+ Kf7 38. Rg7+ Ke8 39. Rxe7+ Kxe7 40. Qg5+ Kf7
41. Qxc5 fxe2 42. Qf2+ 1-0

[Event "Hastings Masters 2016/17"]
[Site "Hastings, England"]
[Date "2017.01.04"]
[Round "8.20"]
[White "Boino, Claudio"]
[Black "Cunningham, Robin"]
[Result "1/2-1/2"]
[WhiteElo "2066"]
[BlackElo "2263"]
[PlyCount "0"]
[EventDate "2016.12.28"]

1. d4 {[%clk 1:40:58]} d5 {[%clk 1:40:40]} 2. Nf3 {[%clk 1:41:21]} Nf6
{[%clk 1:40:56]} 3. c4 {[%clk 1:41:46]} e6 {[%clk 1:41:14]} 4. Nc3
{[%clk 1:42:10]} Be7 {[%clk 1:41:31]} 5. Bg5 {[%clk 1:42:33]} h6 {[%clk 1:41:47]}
6. Bh4 {[%clk 1:42:57]} O-O {[%clk 1:42:07]} 7. e3 {[%clk 1:43:21]} Ne4
{[%clk 1:42:02]} 8. Bxe7 {[%clk 1:43:37]} Qxe7 {[%clk 1:42:23]} 9. Rc1
{[%clk 1:44:01]} c6 {[%clk 1:42:47]} 10. Bd3 {[%clk 1:36:09]} Nxc3
{[%clk 1:42:53]} 11. Rxc3 {[%clk 1:36:37]} dxc4 {[%clk 1:43:02]} 12. Bxc4
{[%clk 1:37:00]} Nd7 {[%clk 1:43:20]} 13. O-O {[%clk 1:35:20]} b6
{[%clk 1:43:42]} 14. Qe2 {[%clk 1:20:17]} Bb7 {[%clk 1:43:47]} 15. Rd1
{[%clk 1:14:45]} c5 {[%clk 1:41:51]} 16. Bb5 {[%clk 0:55:52]} Rfd8
{[%clk 1:33:32]} 17. a3 {[%clk 0:42:45]} a6 {[%clk 1:19:52]} 1/2-1/2